000 00950cam a2200265 4500
999 _c528096
_d528096
001 2195655
003 NUST
005 20190828080343.0
008 730531s1973 dcua 100 0 eng
010 _a 73009501
020 _a0309021200
038 _aM.Ramzan
040 _aDLC
_cDLC
_dDLC
050 0 0 _aTA1205
_b.T7
082 0 0 _a388.4
_bNAT
245 0 0 _aTransportation and the prospects for improved efficiency.
260 _aWashington,
_bNational Academy of Engineering,
_c1973.
300 _aix, 270 p.
_billus.
_c23 cm.
500 _aA symposium sponsored by the National Science Foundation, and others, at the 8th autumn meeting of the National Academy of Engineering, Oct. 12-13, 1972.
650 0 _aUrban transportation
_xCongresses.
_919654
710 2 _aNational Academy of Engineering.
_919655
710 2 _aNational Science Foundation (U.S.)
_919656
906 _a7
_bcbc
_corignew
_d1
_eocip
_f19
_gy-gencatlg
942 _2ddc
_cBK